| 000 | 00000nam##2200000za#4500 |
| 001 | 9.638874 |
| 003 | CaOODSP |
| 005 | 20210624221907 |
| 007 | cr ||||||||||| |
| 008 | 150407|2010||||xxc|||||o f|0| 0 fre|d |
| 020 | |a978-1-100-97572-6 |
| 040 | |aCaOODSP|bfre |
| 043 | |an-cn--- |
| 086 | 1 |aHS28-10/1-2011F-PDF |
| 110 | 1 |aCanada.|bRessources humaines et Développement des compétences Canada. |bDirection générale de la politique stratégique et de la recherche. |
| 245 | 10|aÉvaluation sommative du Programme de partenariat syndical-patronal : |h[ressource électronique]|brapport final / |c[par] Direction de l'évaluation. |
| 260 | |aOttawa - Ontario : |bRessources humaines et Développement des compétences Canada. |cJuin 2010. |
| 300 | |a82p.|bgraphiques, tableaux |
| 590 | |a12-28-Supp|b2012-06-15 |
| 775 | 08|tSummative evaluation of the Labour-Management Partnerships Program : |w(CaOODSP)9.694701 |
| 856 | 40|ahttp://publications.gc.ca|qPDF|s461 Ko|uhttps://publications.gc.ca/collections/collection_2012/rhdcc-hrsdc/HS28-10-1-2011-fra.pdf |
| 986 | |aSP-1000-06-11F |